000 00627nam a2200241Ia 4500
003 OSt
005 20220918190920.0
006 a|||||r|||| 00| 0
007 ta
008 220917b |||||||| |||| 00| 0 eng d
024 _a60,379
037 _cTextual
040 _aARTS
_cARTS
_beng
041 _2eng
_aeng
082 _aQ4:67, J7 (Q4)
100 _aLaw Bimala Churn
245 0 _aEarly Indian monasteries
260 _c1957
490 _aIndian institute of World culture transaction; 29
650 _aRELIGION
942 _hQ4:67, J7 (Q4)
_cTEXL
_2CC
999 _c187325
_d187325